The Animal Picture Quiz - Statistics

General Stats
  • This quiz has been taken 49 times
  • The average score is 10 of 12
Answer Stats
Picture Answer % Correct
Dog
100%
Frog
100%
Lion
100%
Snake
100%
Bear
97%
Rabbit
95%
Ostrich
92%
Cat
89%
Kangaroo
89%
Monkey
89%
Crocodile
87%
Octapus
5%
No matching quizzes found
Score Distribution
Percent of People with Each Score
Percentile by Number Answered
Your Score History
You have not taken this quiz